000
00334nam a2200133Ia 4500
008
240624s9999 xx 000 0 und d
041
_a
eng
082
_a
793.73 STI
100
_a
STICKELS TERRY
245
_a
MESMERIZING MIND BENDING PUZZLES
260
_c
1999
_a
Delhi
_b
Orient Paperbacks
300
_a
94 : p. : cm. ; 18
365
_c
RS
999
_c
3594
_d
3594